Development economics : (Record no. 11562)
[ view plain ]
| 000 -LEADER | |
|---|---|
| fixed length control field | 01576cab a22004215a 4500 |
| 001 - CONTROL NUMBER | |
| control field | 14807555 |
| 005 - DATE AND TIME OF LATEST TRANSACTION | |
| control field | 20150813101657.0 |
| 008 - FIXED-LENGTH DATA ELEMENTS--GENERAL INFORMATION | |
| fixed length control field | 070413t2008 enka frb 001 0 eng d |
| 010 ## - LIBRARY OF CONGRESS CONTROL NUMBER | |
| LC control number | 2007010001 |
| 020 ## - INTERNATIONAL STANDARD BOOK NUMBER | |
| International Standard Book Number | 9780415422130 (set) |
| 020 ## - INTERNATIONAL STANDARD BOOK NUMBER | |
| International Standard Book Number | 0415422130 (set) |
| 020 ## - INTERNATIONAL STANDARD BOOK NUMBER | |
| International Standard Book Number | 0415422147 (vol. 1) |
| 020 ## - INTERNATIONAL STANDARD BOOK NUMBER | |
| International Standard Book Number | 9780415422147 (vol. 1) |
| 020 ## - INTERNATIONAL STANDARD BOOK NUMBER | |
| International Standard Book Number | 9780415422154 (vol. 2) |
| 020 ## - INTERNATIONAL STANDARD BOOK NUMBER | |
| International Standard Book Number | 0415422154 (vol. 2) |
| 020 ## - INTERNATIONAL STANDARD BOOK NUMBER | |
| International Standard Book Number | 9780415422161 (vol. 3) |
| 020 ## - INTERNATIONAL STANDARD BOOK NUMBER | |
| International Standard Book Number | 04154221167 (vol.3) |
| 020 ## - INTERNATIONAL STANDARD BOOK NUMBER | |
| International Standard Book Number | 0415422175 (vol.4) |
| 020 ## - INTERNATIONAL STANDARD BOOK NUMBER | |
| International Standard Book Number | 9780415422178 (vol. 4) |
| 040 ## - CATALOGING SOURCE | |
| Original cataloging agency | DLC |
| Language of cataloging | eng |
| Transcribing agency | DLC |
| Modifying agency | EG-ScBUE |
| -- | DLC |
| 082 04 - DEWEY DECIMAL CLASSIFICATION NUMBER | |
| Classification number | 338.9 |
| Edition number | 22 |
| Item number | DEV |
| 245 00 - TITLE STATEMENT | |
| Title | Development economics : |
| Remainder of title | Critical concepts in development studies / |
| Statement of responsibility, etc | edited by Christopher B. Barrett. |
| 260 ## - PUBLICATION, DISTRIBUTION, ETC. (IMPRINT) | |
| Place of publication, distribution, etc | London : |
| -- | New York : |
| Name of publisher, distributor, etc | Routledge, |
| Date of publication, distribution, etc | c.2008. |
| 263 ## - PROJECTED PUBLICATION DATE | |
| Projected publication date | 0709 |
| 300 ## - PHYSICAL DESCRIPTION | |
| Extent | 4 v. : |
| Other physical details | ill. ; |
| Dimensions | 24 cm. |
| 490 0# - Series Statement | |
| Series statement | Critical concepts in development studies |
| 500 ## - GENERAL NOTE | |
| General note | Index : p. 405-429. |
| 504 ## - BIBLIOGRAPHY, ETC. NOTE | |
| Bibliography, etc | Includes bibliographical references. |
| 505 ## - FORMATTED CONTENTS NOTE | |
| Formatted contents note | v. 1. The Economics of development -- v. 2. Development Microeconomics -- v. 3. Development Meso-economics -- v. 4. Development Macroeconomics. |
| 590 ## - LOCAL NOTE (RLIN) | |
| Local note | shaimaa and Mohamed |
| 650 #0 - SUBJECT ADDED ENTRY--TOPICAL TERM | |
| Topical term or geographic name as entry element | Development economics. |
| 9 (RLIN) | 4896 |
| Source of heading or term | BUEsh |
| 651 ## - SUBJECT ADDED ENTRY--GEOGRAPHIC NAME | |
| Source of heading or term | BUEsh |
| 653 ## - INDEX TERM--UNCONTROLLED | |
| Resource For college | BAEPS, Economics |
| Arrived date list | August2015 |
| 700 1# - ADDED ENTRY--PERSONAL NAME | |
| Personal name | Barrett, Christopher B. |
| Fuller form of name | (Christopher Brendan) |
| 9 (RLIN) | 4897 |
| 856 41 - ELECTRONIC LOCATION AND ACCESS | |
| Materials specified | Table of contents only |
| Uniform Resource Identifier | <a href="http://www.loc.gov/catdir/toc/ecip0715/2007010001.html">http://www.loc.gov/catdir/toc/ecip0715/2007010001.html</a> |
| 942 ## - ADDED ENTRY ELEMENTS (KOHA) | |
| Source of classification or shelving scheme | Dewey Decimal Classification |
| Item type | Book - Borrowing |
| Withdrawn status | Item status | Source of classification or shelving scheme | Damaged status | Not for loan | Vendor | Home library | Current library | Shelving location | Date acquired | Source of acquisition | Cost, normal purchase price | Serial Enumeration / chronology | Total Checkouts | Total Renewals | Full call number | Barcode | Date last seen | Date last borrowed | Koha item type | Public note |
|---|---|---|---|---|---|---|---|---|---|---|---|---|---|---|---|---|---|---|---|---|
| Dewey Decimal Classification | Iqraa | Central Library | Central Library | First floor | 20/05/2009 | 1393.00 | 6563 | 4 | 2 | 338.9 DEV | 000016371 | 15/07/2025 | 15/11/2016 | Book - Borrowing | VOL. 4. | |||||
| Dewey Decimal Classification | Iqraa | Central Library | Central Library | First floor | 20/05/2009 | 1393.00 | 6563 | 1 | 338.9 DEV | 000016372 | 15/07/2025 | 21/05/2009 | Book - Borrowing | VOL. 1. | ||||||
| Dewey Decimal Classification | Iqraa | Central Library | Central Library | First floor | 20/05/2009 | 1393.00 | 6563 | 2 | 1 | 338.9 DEV | 000016373 | 15/07/2025 | 14/02/2016 | Book - Borrowing | VOL. 2. | |||||
| Dewey Decimal Classification | Iqraa | Central Library | Central Library | First floor | 20/05/2009 | 1393.00 | 6563 | 1 | 1 | 338.9 DEV | 000016374 | 15/07/2025 | 01/07/2009 | Book - Borrowing | VOL. 3. |